<?xml version="1.0" encoding="UTF-8"?><?xml-stylesheet type="text/xsl" href="static/style.xsl"?><OAI-PMH xmlns="http://www.openarchives.org/OAI/2.0/" xmlns:xsi="http://www.w3.org/2001/XMLSchema-instance" xsi:schemaLocation="http://www.openarchives.org/OAI/2.0/ http://www.openarchives.org/OAI/2.0/OAI-PMH.xsd"><responseDate>2026-06-02T02:13:34Z</responseDate><request verb="GetRecord" identifier="oai:riuma.uma.es:10630/24525" metadataPrefix="marc">https://riuma.uma.es/rest/oai/request</request><GetRecord><record><header><identifier>oai:riuma.uma.es:10630/24525</identifier><datestamp>2026-02-03T10:19:09Z</datestamp><setSpec>com_10630_1685</setSpec><setSpec>col_10630_38055</setSpec></header><metadata><record xmlns="http://www.loc.gov/MARC21/slim" xmlns:dcterms="http://purl.org/dc/terms/" xmlns:doc="http://www.lyncode.com/xoai" xmlns:xsi="http://www.w3.org/2001/XMLSchema-instance" xsi:schemaLocation="http://www.loc.gov/MARC21/slim http://www.loc.gov/standards/marcxml/schema/MARC21slim.xsd">
   <leader>00925njm 22002777a 4500</leader>
   <datafield ind2=" " ind1=" " tag="042">
      <subfield code="a">dc</subfield>
   </datafield>
   <datafield ind2=" " ind1=" " tag="720">
      <subfield code="a">Vílchez Trujillo, Jorge</subfield>
      <subfield code="e">author</subfield>
   </datafield>
   <datafield ind2=" " ind1=" " tag="260">
      <subfield code="c">2022</subfield>
   </datafield>
   <datafield ind2=" " ind1=" " tag="520">
      <subfield code="a">Lejos de quedar vinculado a las nociones tradicionales de salud física y disfrute personal, el deporte se ha convertido en un verdadero fenómeno movilizador de masas, capaz de mantener concentrados a miles e incluso millones de personas a la vez,&#xd;
físicamente o a través de sus pantallas, a un determinado evento. Resulta obvio que siempre van a existir personas que estén atentas a potenciales fuentes de ingresos, como se trata actualmente del deporte, aquí es donde entran en juego las grandes empresas, nacionales e internacionales, capaces de hilar sus marcas e imágenes comerciales a estas competiciones deportivas o a determinados productos y figuras relevantes de este ámbito, quienes se encuentran en el ojo de la sociedad, y así, lograr que ellas también lo estén. Esto lo realizan principalmente a través de una figura contractual: El patrocinio deportivo.</subfield>
   </datafield>
   <datafield ind1="8" ind2=" " tag="024">
      <subfield code="a">https://hdl.handle.net/10630/24525</subfield>
   </datafield>
   <datafield tag="653" ind2=" " ind1=" ">
      <subfield code="a">Trabajos de Fin de Grado</subfield>
   </datafield>
   <datafield tag="653" ind2=" " ind1=" ">
      <subfield code="a">Publicidad</subfield>
   </datafield>
   <datafield tag="653" ind2=" " ind1=" ">
      <subfield code="a">Contratos de Patrocinio Publicitario</subfield>
   </datafield>
   <datafield tag="653" ind2=" " ind1=" ">
      <subfield code="a">Futbol - Torneos</subfield>
   </datafield>
   <datafield tag="653" ind2=" " ind1=" ">
      <subfield code="a">Concursos y competiciones - Publicidad</subfield>
   </datafield>
   <datafield ind2="0" ind1="0" tag="245">
      <subfield code="a">La publicidad en el ámbito deportivo: especial referencia al contrato de patrocinio o "esponsorización deportiva".</subfield>
   </datafield>
</record>
</metadata></record></GetRecord></OAI-PMH>